David, rei / Jordi Teixidor ; pròleg d'Àlex Broch
Descripción Física:
76 p. ; 18 cm
Colección:
Biblioteca teatral ; 49
Otros Autores:
Broch, Àlex, 1947-
MARC
| LEADER | 00000nam a2200000Ia 4500 | ||
|---|---|---|---|
| 001 | 2146 | ||
| 008 | 160829s1986 xx 000 0 cat d | ||
| 080 | |a L-1-235 | ||
| 100 | 1 | |a Teixidor, Jordi, |d 1939-2011 |9 19924 | |
| 245 | |a David, rei / Jordi Teixidor ; pròleg d'Àlex Broch | ||
| 260 | |a Barcelona : |b Institut del Teatre de la Diputació de Barcelona : |b Edicions del Mall, |c 1986 | ||
| 300 | |a 76 p. ; |c 18 cm | ||
| 490 | |a Biblioteca teatral ; 49 | ||
| 700 | 1 | |a Broch, Àlex, |d 1947- |e autor del pròleg |9 32934 | |
| 710 | 1 | |a Institut del Teatre (Barcelona, Catalunya) |9 52662 | |
| 901 | |a Arxiu | ||
| 942 | |n 1 |2 udc | ||
| 952 | |0 0 |1 0 |4 0 |6 L1235 |7 1 |9 44317 |a Arxiu |b Arxiu |d 2016-12-01 |l 0 |o L-1-235 |p 2146 |r 2016-12-01 00:00:00 |w 2016-12-01 |y ARXIU | ||
| 999 | |c 46897 |d 46897 | ||